| 000 | 00908nam a2200265Ia 4500 | ||
|---|---|---|---|
| 003 | OSt | ||
| 005 | 20221005112415.0 | ||
| 006 | a|||||r|||| 00| 0 | ||
| 007 | ta | ||
| 008 | 221004b |||||||| |||| 00| 0 pan d | ||
| 020 |
_a817142919X _c200 |
||
| 024 | _a117085 | ||
| 037 |
_b574, 03/02/2012, H.K. Prakashan _cTextual |
||
| 040 |
_aCRL _cCRL _bpan |
||
| 041 |
_2pan _apan |
||
| 082 | _aO153,6NKA2x, P9 | ||
| 100 | _aਕਪੂਰ, ਨਰਿੰਦਰ ਸਿੰਘ | ||
| 245 | 0 | _aਅੰਤਰ ਝਾਤ | |
| 260 |
_aਚੰਡਿਗੜ _bਲੋਕ ਗੀਤ ਪ੍ਰਕਾਨ ਭਾਰਤ _c2009 |
||
| 300 |
_a216ਪੰ _ccm. |
||
| 650 | _a ਪੰਜਾਬੀ ਸਾਹਿਤ | ||
| 650 | _aਪੰਜਾਬੀ ਸਾਹਿਤ | ||
| 942 |
_hO153,6NKA2x, P9 _cTEXL _2cc |
||
| 999 |
_c1024794 _d1024794 |
||